|
|
|
|
| LEADER |
00000nam a2200000 i 4500 |
| 001 |
1/10303 |
| 008 |
970527s1994 eng d |
| 020 |
|
|
|a 0-85496-917-9
|
| 035 |
|
|
|l 10017808
|
| 040 |
|
|
|a GR-MY-UA
|b gre
|e aacr
|
| 041 |
0 |
|
|a eng
|
| 082 |
0 |
|
|a 306.0972983
|
| 100 |
1 |
|
|a Miller, Daniel
|d 1954-
|
| 245 |
1 |
0 |
|a Modernity :
|b an ethnographic approach : dualism and mass consumption in Trinidad /
|c Daniel Miller
|
| 260 |
|
|
|a Oxford :
|b Berg,
|c 1994
|
| 300 |
|
|
|a 340 p.;
|c 23 cm
|
| 504 |
|
|
|a Includes bibliographical refeferences and index
|
| 650 |
0 |
0 |
|a Ethnology
|z Trinidad.
|
| 650 |
0 |
0 |
|a Consumption (Economics)
|z Trinidad.
|
| 651 |
|
0 |
|a Trinidad
|x Economic conditions.
|
| 651 |
|
0 |
|a Trinidad
|x Social life and customs.
|
| 852 |
|
|
|a INST
|b LESVOS
|e 19970527
|h 306.0972983 MIL
|p 005100011139
|q 005100011139
|t BK
|y 0
|
| 852 |
|
|
|a INST
|b LESVOS
|e 20000509
|h 306.0972983 MIL
|p 005100024469
|q 005100024469
|t BK
|y 0
|
| 909 |
|
|
|a Λ
|b 049605
|
| 909 |
|
|
|a Λ
|b 077842
|
| 922 |
|
|
|a 1ΕΛΗ
|b 200004
|c ΚΠΣ/ΤΚΑ
|d ΠΑΠΑΣΩΤΗΡΙΟΥ
|
| 950 |
|
|
|a 117-1999-11-26
|
| 970 |
|
|
|a ΜΟΥΣΤΑΚΑ
|b ΠΗΝΕΛΟΠΗ
|z 2000/05/10
|